China unveiled : (Record no. 92715)

MARC details
000 -LEADER
fixed length control field 00629nam a22001937a 4500
005 - DATE AND TIME OF LATEST TRANSACTION
control field 20230608152445.0
010 ## - LCCN (DPL NO)
LC control number ENG-112571 ENG-137105
020 ## - INTERNATIONAL STANDARD BOOK NUMBER
International Standard Book Number 9789381904435
Terms of availability 860.00
035 ## - SYSTEM CONTROL NUMBER
System control number EN-96103 EN-120637
037 ## - SOURCE OF ACQUISITION
Source of stock number/acquisition DBAD/PUB
082 ## - DEWEY DECIMAL CLASSIFICATION NUMBER
Classification number 327.51
100 ## - MAIN ENTRY--PERSONAL NAME
Personal name Ranade, Jayadeva
245 00 - TITLE STATEMENT
Title China unveiled :
Statement of responsibility, etc by Jayadeva Ranade
Remainder of title insights into Chinese strategic thinking /
260 ## - PUBLICATION, DISTRIBUTION, ETC. (IMPRINT)
Place of publication, distribution, etc New Delhi
Name of publisher, distributor, etc KW Publishers
Date of publication, distribution, etc 2013
270 ## - ADDRESS
Address 4676/21, First Floor, Ansari Road, Daryaganj,
City New Delhi
Postal code 110002
300 ## - PHYSICAL DESCRIPTION
Extent xvii,312p.
Dimensions 24cm(Hb)
500 ## - GENERAL NOTE
General note Includes index
942 ## - ADDED ENTRY ELEMENTS (KOHA)
Source of classification or shelving scheme Dewey Decimal Classification
Item type English Books
Call number suffix RAN
Classification part 327.51
Holdings
Withdrawn status Lost status Not for loan Collection code Home library Current library Date acquired Source of acquisition Cost, normal purchase price Full call number Barcode Copy number Cost, replacement price Koha item type
      Non-fiction Ashok Vihar Ashok Vihar 08/06/2023 DBAD/PUB 860.00 327.51 RAN EN-120637 1 1599.00 English Books
    Not For Loan Non-fiction D.B.Act.Division D.B.Act.Division 06/04/2015 DBAD/PUB 1599.00 327.51 RAN EN-96103 1 1599.00 English Books

© Delhi Public Library
Hit Counter
free hit counter